000 00605cam a2200229 4500
008 000000n2000 000 0 eng u
020 _a1860814352
035 _a(Sirsi) u110215
041 _aeng
050 _a690
110 _aBuilding Research Establishment
245 _aInsulating glazing units.
260 _aGarston, Watford
_bBuilding Research Establishment
_c2000
300 _a11p. ; 30cm.
350 _a0
490 _aBRE Digest
_v453
650 _aWINDOWS
650 _aINSULATING GLASS
650 _aDOUBLE GLAZING
690 _aBUILT ENVIRONMENT-BUILDING COSTS
942 _n0
999 _c101075
_d101075